| 000 | 01101nam a2200313 i 4500 | ||
|---|---|---|---|
| 003 | DO-SdBPM | ||
| 005 | 20250529072353.0 | ||
| 007 | ta | ||
| 008 | 210322t2020 dr a| || 00| j spa d | ||
| 020 | _a9789945095302 | ||
| 040 |
_aDO-SdBPM _bspa _cBPMSU _erda _drda |
||
| 082 | 4 |
_a372.6 _bS563s 2020 _222 |
|
| 100 | 1 |
_aSibel Fondeur, Sarah, _eautora |
|
| 245 | 1 | 0 |
_aSomos buenos amigos / _cSarah Sibel Fondeur, María Puig Fondeur ; Ilustración, Taína Almodóvar |
| 264 | 4 |
_aSanto Domingo : _bEditora Búho, _c©2020. |
|
| 300 |
_a17 páginas : _bIlustraciones ; _c24 cm. |
||
| 336 |
_2rdacontent _atexto _btxt |
||
| 337 |
_2rdamedia _asin mediación _bn |
||
| 338 |
_2rdacarrier _avolumen _bnc |
||
| 590 | _aInventariado, 2025 /VM | ||
| 650 | 4 |
_a Educación primaria _vLibros de texto |
|
| 650 | 4 |
_aEducación inclusiva _vCuentos infantiles |
|
| 650 | 4 | _aCuentos infantiles dominicanos | |
| 650 | 4 |
_aAmistad _v Cuentos infantiles |
|
| 700 | 1 |
_aPuig Fondeur, María _eautora |
|
| 700 | 1 |
_aAlmodóvar, Taína, _eIlustración |
|
| 910 | _aVmateo V. Control de calidad. BPMSU | ||
| 942 |
_2ddc _cBK |
||
| 999 |
_c15113 _d15113 |
||